000 00308nam a2200133Ia 4500
005 20251222143147.0
008 251222s9999||||xx |||||||||||||| ||spa||
020 _a84-495-0016-8
082 _a801.92/E85
100 _aEsopo:
245 0 _aFábulas Completas
264 _bM.E. Editores, S.L.
942 _cLIB
999 _c12538
_d12538